| 000 | 00774cam a22002653a 4500 | ||
|---|---|---|---|
| 001 | 3281 | ||
| 003 | PGUSA | ||
| 005 | 20140828083030.0 | ||
| 008 | 060603s2006||||xxu|||||s|||||000 1 eng d | ||
| 040 |
_aPGUSA _beng |
||
| 042 | _adc | ||
| 050 | 4 | _aPS | |
| 100 | 1 |
_aLincoln, Joseph Crosby, _d1870-1944 |
|
| 245 | 1 | 0 |
_aCy Whittaker's Place _h[electronic resource] / _cJoseph Crosby Lincoln |
| 260 |
_bProject Gutenberg, _c2006 |
||
| 506 | _aPublic domain in the USA. | ||
| 516 | _aElectronic text | ||
| 653 | _aMassachusetts -- Fiction | ||
| 653 | _aCape Cod (Mass.) -- Fiction | ||
| 653 | _aAdoption -- Fiction | ||
| 653 | _aMan-woman relationships -- Fiction | ||
| 830 | 0 |
_aProject Gutenberg _v3281 |
|
| 856 | 4 | 0 | _uhttp://www.gutenberg.org/ebooks/3281 |
| 942 | _cEB | ||
| 999 |
_c232610 _d232610 |
||